Gaming Quiz

Random Gaming or Video Games Quiz

Starcraft II: Wings of Liberty Trivia Quiz Stats

 Plays Quiz Updated Oct 13, 2016

Also try: Starcraft II Units
Challenge
Share
Tweet
Embed
Score 0/63 Timer 07:00
0 Plays Today
% Correct
Diamond
81.8%
Gold
81%
Silver
80.8%
Bronze
80.3%
Platinum
78.1%
Stalker
76.6%
Roach
72.1%
Firebat
71.6%
Marauder
70.3%
Baneling
69.9%
Voidray
69.8%
Medic
68.6%
Immortal
68.4%
Colossus
68%
Brood Lord
67.8%
Thor
67.8%
Phoenix
65.6%
Viking
64.6%
Medivac
64.4%
Infestor
63.6%
Mothership
63.3%
Hellion
62.7%
Sentry
61.3%
Banshee
59.9%
Corruptor
59.6%
Master
59%
Goliath
57%
Raven
55.2%
Reaper
54.4%
Vulture
54.1%
Grandmaster
53.8%
Warp Prism
52.7%
% Correct
Overseer
48%
Wraith
47.8%
Diamondback
43.2%
Liberty Campaign
38.9%
Science Vessel
38.2%
Panda Marine
35.9%
Marine
35.7%
M.U.L.E.
34.7%
Spectre
33.3%
Infested Marine
31.2%
Hydralisk Marine
30.9%
Changeling
29.9%
Hercules
25.2%
Tiger Marine
24.8%
Predator
24.1%
Wolf Marine
23%
Custom Game
20.1%
Exploration
19.1%
Quick Match
17.7%
Combat
14.7%
Feats of Strength
14.5%
Cooperative
12.1%
Rush Defense
7.4%
For The Swarm
7.1%
Covert Ops
6.4%
Psionic Assault
5.8%
Opening Gambit
5.2%
Infestation
5.1%
Tactical Command
4.4%
Path of Ascension
3.8%
Harbringer of Death
3.2%

You're not logged in!

Compare scores with friends on all Sporcle quizzes.
Join for Free
OR
Log In

You Might Also Like...

Show Comments

Extras

Top Quizzes Today


Score Distribution

Your Account Isn't Verified!

In order to create a playlist on Sporcle, you need to verify the email address you used during registration. Go to your Sporcle Settings to finish the process.

Report this User

Report this user for behavior that violates our Community Guidelines.

Details: